<?xml version="1.0" encoding="UTF-8"?>
<collection xmlns="http://www.loc.gov/MARC21/slim">
    <record>
        <controlfield tag="001">47717</controlfield>
        <controlfield tag="005">20160222120509.0</controlfield>
        <datafield tag="037" ind1=" " ind2=" ">
            <subfield code="a">TAZ-TFG-2015-1388</subfield>
        </datafield>
        <datafield tag="041" ind1=" " ind2=" ">
            <subfield code="a">spa</subfield>
        </datafield>
        <datafield tag="100" ind1="1" ind2=" ">
            <subfield code="a">Angós Beamonte, Marta</subfield>
        </datafield>
        <datafield tag="100" ind1="1" ind2=" ">
            <subfield code="a">Meavilla Baquedano, María</subfield>
        </datafield>
        <datafield tag="245" ind1="0" ind2="0">
            <subfield code="a">Las Organizaciones de la Sociedad Civil de Córdoba y su relación con el Estado argentino: Sistematizacion de experiencia profesional.</subfield>
        </datafield>
        <datafield tag="260" ind1=" " ind2=" ">
            <subfield code="a">Zaragoza</subfield>
            <subfield code="b">Universidad de Zaragoza</subfield>
            <subfield code="c">2015</subfield>
        </datafield>
        <datafield tag="506" ind1=" " ind2=" ">
            <subfield code="a">by-nc-sa</subfield>
            <subfield code="b">Creative Commons</subfield>
            <subfield code="c">3.0</subfield>
            <subfield code="u">http://creativecommons.org/licenses/by-nc-sa/3.0/</subfield>
        </datafield>
        <datafield tag="520" ind1=" " ind2=" ">
            <subfield code="a">El siguiente Trabajo de Fin de Grado consiste en una sistematización de nuestra experiencia profesional llevada a cabo en el Ministerio de Desarrollo Social de la Provincia de Córdoba (Argentina).  Basándonos en los nuevos conocimientos adquiridos y en diversas aportaciones teóricas, pretendemos interpretar la relación entre el Estado y las Organizaciones de la Sociedad Civil, así como categorizar las diferentes posturas que estos dos actores sociales adoptan como principales proveedores de bienestar de la sociedad argentina. Para ello, analizamos el discurso de las propias organizaciones e interpretamos la realidad mixta y compleja en la que se desenvuelven.  La finalidad principal de la sistematización es reflexionar críticamente sobre las vivencias durante nuestras prácticas y conocer mejor la situación de la política social en Argentina.</subfield>
        </datafield>
        <datafield tag="521" ind1=" " ind2=" ">
            <subfield code="a">Graduado en Trabajo Social</subfield>
        </datafield>
        <datafield tag="540" ind1=" " ind2=" ">
            <subfield code="a">Derechos regulados por licencia Creative Commons</subfield>
        </datafield>
        <datafield tag="700" ind1=" " ind2=" ">
            <subfield code="a">Lacalzada de Mateo, María José</subfield>
            <subfield code="e">dir.</subfield>
        </datafield>
        <datafield tag="710" ind1="2" ind2=" ">
            <subfield code="a">Universidad de Zaragoza</subfield>
            <subfield code="b">Psicología y Sociología</subfield>
            <subfield code="c">Trabajo Social y Servicios Sociales</subfield>
        </datafield>
        <datafield tag="856" ind1="0" ind2=" ">
            <subfield code="f">613565@celes.unizar.es</subfield>
        </datafield>
        <datafield tag="856" ind1="4" ind2=" ">
            <subfield code="s">1835017</subfield>
            <subfield code="u">http://zaguan.unizar.es/record/47717/files/TAZ-TFG-2015-1388_ANE.pdf</subfield>
            <subfield code="y">Anexos (spa)</subfield>
        </datafield>
        <datafield tag="856" ind1="4" ind2=" ">
            <subfield code="s">824579</subfield>
            <subfield code="u">http://zaguan.unizar.es/record/47717/files/TAZ-TFG-2015-1388.pdf</subfield>
            <subfield code="y">Memoria (spa)</subfield>
        </datafield>
        <datafield tag="909" ind1="C" ind2="O">
            <subfield code="o">oai:zaguan.unizar.es:47717</subfield>
            <subfield code="p">driver</subfield>
            <subfield code="p">trabajos-fin-grado</subfield>
        </datafield>
        <datafield tag="950" ind1=" " ind2=" ">
            <subfield code="a"></subfield>
        </datafield>
        <datafield tag="951" ind1=" " ind2=" ">
            <subfield code="a">deposita:2016-02-22</subfield>
        </datafield>
        <datafield tag="980" ind1=" " ind2=" ">
            <subfield code="a">TAZ</subfield>
            <subfield code="b">TFG</subfield>
            <subfield code="c">SOCIZ</subfield>
        </datafield>
    </record>

    
</collection>